Statistics for Big 12 Logos

Click here to take the quiz!

General Stats

  • This quiz has been taken 17 times
  • The average score is 9 of 10

Answer Stats

Answer% Correct
Iowa State Cyclones
100%
Texas Longhorns
90%
Kansas Jayhawks
90%
Kansas State Wildcats
90%
West Virginia Mountaineers
90%
Oklahoma Sooners
80%
Baylor Bears
80%
Texas Tech Red Raiders
80%
Oklahoma State Cowboys
80%
TCU Horned Frogs
80%

Score Distribution

Percentile by Number Answered

Percent of People with Each Score

Your Score History

You have not taken this quiz